|
|
|
|
| LEADER |
01058nam a2200205 a 4500 |
| 001 |
GR-MES1720 |
| 008 |
991111s1992 gr 000 0 gre d |
| 040 |
|
|
|a GrPaTEI
|b gre
|c GR-PaULI
|
| 245 |
0 |
0 |
|a Ποιοτική εξυπηρέτηση πελατών
|n 1ος .
|p Ενας πλήρης οδηγός για τη δημιουργία φιλοσοφίας επιχειρησιακού κλίμα- τος και σχεδίου δράσης των ανθρώπων της επιχείρησης.
|
| 260 |
|
|
|a Αθήνα :
|b [χ.χ],
|c 1992
|
| 300 |
|
|
|a 182σελ.
|
| 650 |
|
4 |
|a ΔΙΟΙΚΗΣΗ
|
| 650 |
|
4 |
|a ΕΞΥΠΗΡΕΤΗΣΗ ΠΕΛΑΤΩΝ
|
| 650 |
|
4 |
|a Επιχειρήσεις
|
| 650 |
|
4 |
|a ΜΕΣΑΙΑ ΣΤΕΛΕΧΗ
|
| 700 |
1 |
|
|a Ρεγκούκος, Παναγιώτης
|
| 942 |
|
|
|2 ddc
|
| 952 |
|
|
|0 0
|1 0
|2 ddc
|4 0
|6 658_812000000000000_ΡΕΓ
|7 0
|9 266002
|a MSLG
|b MSLG
|c BSC
|d 2021-01-17
|e 24
|f 0
|g 0.00
|l 0
|o 658.812 ΡΕΓ
|p 2420000006852
|r 2021-01-17 00:00:00
|t 1
|w 2021-01-17
|y BK15
|x 19991111 0 1
|x GrPaTEI
|
| 971 |
|
|
|a .b25727631
|b 16-04-20
|c 13-09-16
|
| 999 |
|
|
|c 152928
|d 152928
|